000
00314nam a2200133Ia 4500
005
20260328101520.0
008
260328s9999||||xx |||||||||||||| ||und||
100
_a
Cesare M, Casati
245
0
_a
Kisho Kurokawa /
_c
Casati Cesare M
260
_b
Arca Plus
300
_a
112 p.
650
_a
ARQUITECTOS
942
_c
BK
999
_c
9563
_d
9563